| 000 | 00627nam a2200193Ia 4500 | ||
|---|---|---|---|
| 005 | 20250508160225.0 | ||
| 008 | 008 250505s9999 xx 000 0 hin d | ||
| 037 | _aBooks to be hide in OPAC | ||
| 040 |
_aFEDL _beng _cFEDL |
||
| 041 |
_ahin _2hin |
||
| 084 |
_a342.54, NCE _qFEDL |
||
| 245 | 0 | _aSashan aur sanvidhan : Madhyamik kaksaho ke liye | |
| 245 | 0 | _cNational Council of Educational Research and Training | |
| 260 |
_aNew Delhi, India _bNational Council of Educational Research and Training _c1970 |
||
| 300 | _a63p. | ||
| 365 |
_aINR _b0.8 |
||
| 942 |
_cHB _h342.54, NCE |
||
| 999 |
_c1362785 _d1362785 |
||